00870nam a22002297a 4500003001100000005001700011008004100028020001500069040003900084041000800123082001600131100002100147130009600168245007000264260003900334300004200373490006100415650005100476942000700527952009100534999001500625LK-CoMWRAF20231213112821.0231213b2001 |||||||| |||| 00| 0 eng d a9555820848 aLK-CoMWRAFdLK-CoMWRAFeLK-CoMWRAF aeng a305.89bROB aRoberts, Michael a A history of ethnic conflict in Sri Lanka: recollection, reinterpretation & reconciliation aThe burden of history :b obstacles to power sharing in Sri Lanka aColombo: bMarga Institute, c2001 a36 p. ; 23 cm bBibliography included aMarga monograph series on ethnic reconciliation vno. 21 aSinhalese (Sri Lankan people)- Ethnic identity cBK 00104070aMAINbMAINd2023-12-13l0o305.89 ROBpRAF4532r2023-12-13w2023-12-13yBK c4396d4396